Basic Financial Management/ (Record no. 204013)
[ view plain ]
| 000 -LEADER | |
|---|---|
| fixed length control field | 00641nam a22002057a 4500 |
| 005 - DATE AND TIME OF LATEST TRANSACTION | |
| control field | 20240708152230.0 |
| 010 ## - LCCN (DPL NO) | |
| LC control number | ENG-140819 |
| 020 ## - INTERNATIONAL STANDARD BOOK NUMBER | |
| Terms of availability | 350.00 |
| International Standard Book Number | 97893866635440 |
| 035 ## - SYSTEM CONTROL NUMBER | |
| System control number | EN-124351 |
| 037 ## - SOURCE OF ACQUISITION | |
| Source of stock number/acquisition | DBAD |
| 082 ## - DEWEY DECIMAL CLASSIFICATION NUMBER | |
| Classification number | 658.15 |
| Edition number | 2 |
| 100 ## - MAIN ENTRY--PERSONAL NAME | |
| Personal name | Tripathi, Vanita |
| 245 ## - TITLE STATEMENT | |
| Title | Basic Financial Management/ |
| Statement of responsibility, etc | Vanita Tripathi |
| 250 ## - EDITION STATEMENT | |
| Edition statement | 2 |
| 260 ## - PUBLICATION, DISTRIBUTION, ETC. (IMPRINT) | |
| Place of publication, distribution, etc | New Delhi |
| Name of publisher, distributor, etc | Taxmann Publications (P.) Ltd. |
| Date of publication, distribution, etc | 2017 |
| 270 ## - ADDRESS | |
| City | New Delhi |
| Address | 59/32,New Rohtak Road |
| Postal code | 110005 |
| Telephone number | 01145562222 |
| Electronic mail address | sales@taxmann.com |
| 300 ## - PHYSICAL DESCRIPTION | |
| Extent | I-22, 386p. |
| Dimensions | 23cm (pb) |
| 500 ## - GENERAL NOTE | |
| General note | Choice Based Credit System |
| 942 ## - ADDED ENTRY ELEMENTS (KOHA) | |
| Source of classification or shelving scheme | Dewey Decimal Classification |
| Item type | English Books |
| Classification part | 658.15 |
| Call number suffix | TRI |
| Edition | 2 |
| Withdrawn status | Lost status | Not for loan | Collection code | Home library | Current library | Date acquired | Source of acquisition | Cost, normal purchase price | Full call number | Barcode | Copy number | Cost, replacement price | Koha item type |
|---|---|---|---|---|---|---|---|---|---|---|---|---|---|
| Non-fiction | Shahdara Branch | Shahdara Branch | 08/07/2024 | DBAD | 350.00 | 658.15 TRI | EN-124351 | 1 | 350.00 | English Books |
